[Event "Women's Speed Chess Q2"]
[Site "chess.com INT"]
[Date "2020.06.19"]
[Round "7"]
[White "Schulze, Lara"]
[Black "Zozulia, Anna"]
[Result "1-0"]
[WhiteTitle "FM"]
[BlackTitle "IM"]
[WhiteElo "2314"]
[BlackElo "2258"]
[WhiteFideId "12956830"]
[BlackFideId "14102110"]
[EventDate "2020.06.19"]

1. e4 c5 2. Nf3 Nc6 3. d4 cxd4 4. Nxd4 e5 5. Nb5 d6 6. c4 Be7 7. Bd3 Be6 8. O-O
Nf6 9. N5c3 O-O 10. Nd5 Nd7 11. Nbc3 Bg5 12. b3 Bxc1 13. Rxc1 a6 14. Bb1 Nd4 15.
Ne2 Nc6 16. Kh1 Rc8 17. Qd2 Qh4 18. Ne3 Nc5 19. f3 Rcd8 20. b4 Na4 21. a3 Nb6
22. Nd5 Bxd5 23. cxd5 Ne7 24. Rc7 Rd7 25. Rfc1 Qf2 26. Rxd7 Nxd7 27. Qe1 Qb6 28.
Rc3 f5 29. exf5 Nxf5 30. Bxf5 Rxf5 31. Rc8+ Nf8 32. Ng3 Rf7 33. Ne4 Rc7 34. Rxc7
Qxc7 35. Qc3 Qxc3 36. Nxc3 Nd7 37. Ne4 Nb6 38. Nxd6 Nxd5 39. Nxb7 Kf7 40. Nc5
Nc7 41. Kg1 Ke7 42. Kf2 Kd6 43. Ke3 Kd5 44. Kd3 a5 45. Ne4 axb4 46. axb4 Ne6 47.
Nc3+ Kc6 48. Ke4 Kd6 49. Nb5+ Kc6 50. Nc3 Kd6 51. g3 Nd4 52. h4 Nc2 53. b5 1-0

[Event "Women's Speed Chess Q2"]
[Site "chess.com INT"]
[Date "2020.06.19"]
[Round "7"]
[White "Muminova, Nafisa"]
[Black "Meenakshi, Subbaraman"]
[Result "0-1"]
[WhiteTitle "WGM"]
[BlackTitle "WGM"]
[WhiteElo "2274"]
[BlackElo "2171"]
[WhiteFideId "14201526"]
[BlackFideId "5004381"]
[EventDate "2020.06.19"]

1. d4 Nf6 2. Nc3 g6 3. e4 d6 4. Nf3 Bg7 5. Be2 Bg4 6. O-O O-O 7. e5 dxe5 8. dxe5
Qxd1 9. Rxd1 Nfd7 10. Bf4 Nc5 11. h3 Bf5 12. Nd4 Ne6 13. Nxe6 Bxe6 14. Bf3 c6
15. Re1 Na6 16. Bg5 Rfe8 17. a3 Rad8 18. Be2 Nc7 19. f4 Bf5 20. Rac1 Ne6 21. g4
Nxg5 22. fxg5 Be6 23. Bd3 h6 24. Kf2 hxg5 25. Re2 c5 26. Rh1 c4 27. Be4 Bxe5 28.
Bxb7 Bd4+ 29. Kg3 Rb8 30. Bf3 Rxb2 31. Ne4 Be5+ 32. Kg2 Bf4 33. Nc5 Bc8 34. h4
c3 35. hxg5 Bd6 36. Ne4 Rd8 37. Nxd6 exd6 38. Kg3 d5 39. Reh2 Kf8 40. Re1 Be6
41. Rh8+ Ke7 42. Rh7 d4 43. Be4 Kd6 44. Bd3 Ra2 45. Re4 Kc5 46. Re5+ Rd5 47. Re4
Rxa3 48. Rh8 Ra1 49. Rb8 a5 50. Rb5+ Kc6 51. Rb8 a4 52. Bc4 Rd6 53. Bb5+ Kc7 54.
Ra8 a3 55. Re5 a2 56. Bd3 Rg1+ 57. Kf2 a1=Q 58. Rc5+ Kb7 59. Be4+ Kb6 60. Rxa1
Rxa1 61. Rc8 Rd1 0-1

[Event "Women's Speed Chess Q2"]
[Site "chess.com INT"]
[Date "2020.06.19"]
[Round "7"]
[White "Sudakova, Irina"]
[Black "Mohota, Nisha"]
[Result "1/2-1/2"]
[WhiteTitle "WGM"]
[BlackTitle "IM"]
[WhiteElo "2288"]
[BlackElo "2195"]
[WhiteFideId "4129903"]
[BlackFideId "5004330"]
[EventDate "2020.06.19"]

1. e4 e5 2. Nf3 Nc6 3. Nc3 Nf6 4. g3 Bc5 5. Bg2 d6 6. O-O a6 7. d3 h6 8. Be3 O-O
9. h3 Be6 10. d4 exd4 11. Nxd4 Nxd4 12. Bxd4 Bxd4 13. Qxd4 Re8 14. Rad1 Qd7 15.
e5 dxe5 16. Qxd7 Bxd7 17. Bxb7 Rab8 18. Bxa6 Bxh3 19. Rfe1 Rxb2 20. Bd3 Bg4 21.
Rb1 Rxb1 22. Rxb1 e4 23. Be2 Bxe2 24. Nxe2 Ra8 25. Nc3 Ra7 26. a4 Kf8 27. Rb4 c5
28. Rc4 Rc7 29. Nxe4 Nxe4 30. Rxe4 c4 31. a5 f5 32. Rf4 Rc5 33. a6 Ra5 34. g4
Rxa6 35. Rxf5+ Ke7 36. Rc5 Ra4 37. Kg2 Kd6 38. Rc8 Kd5 39. Rd8+ Ke5 40. Rd7 g5
41. Rc7 Kd4 42. Rc6 Kc3 43. Rxh6 Kxc2 44. Rg6 Ra5 45. Rc6 c3 46. f4 gxf4 47. Kf3
Kd2 48. Kxf4 c2 49. g5 Ra4+ 50. Kf5 Ra5+ 51. Kf4 c1=Q 52. Rxc1 Kxc1 53. g6 Ra7
54. Kf5 Kd2 55. Kf6 Ra6+ 56. Kf7 Rxg6 57. Kxg6 1/2-1/2

[Event "Women's Speed Chess Q2"]
[Site "chess.com INT"]
[Date "2020.06.19"]
[Round "7"]
[White "Dordzhieva, Dinara"]
[Black "Toncheva, Nadya"]
[Result "0-1"]
[WhiteTitle "WIM"]
[BlackTitle "WFM"]
[WhiteElo "2354"]
[BlackElo "2064"]
[WhiteFideId "24157570"]
[BlackFideId "2924056"]
[EventDate "2020.06.19"]

1. d4 d5 2. Nf3 Nf6 3. c4 dxc4 4. e3 Bg4 5. Bxc4 e6 6. h3 Bh5 7. O-O a6 8. Nc3
b5 9. Be2 Nbd7 10. e4 Be7 11. e5 Nd5 12. Ne4 O-O 13. Bg5 Bxf3 14. Bxf3 Bxg5 15.
Nxg5 Qxg5 16. Be4 Rac8 17. Rc1 c5 18. Bxd5 exd5 19. dxc5 Qxe5 20. c6 Nf6 21. Re1
Qd6 22. Qc2 h6 23. a4 Rc7 24. axb5 axb5 25. Qd3 Rxc6 26. Qxb5 Rb6 27. Qe2 Rfb8
28. Rc2 d4 29. Rd1 Rb3 30. Qd2 d3 31. Rcc1 Rxb2 32. Qxd3 Qxd3 33. Rxd3 Ne4 34.
Rf3 Rb1 35. Rxb1 Rxb1+ 36. Kh2 Rf1 37. Rf4 Re1 38. f3 Nd2 39. Kg3 f6 40. Ra4 Kh7
41. Rd4 Re2 42. h4 Nf1+ 43. Kh3 Ne3 44. g3 Re1 45. g4 Rd1 46. Re4 Nd5 47. Re8
Rd3 48. Kg3 Nc3 49. Re6 Nb1 50. g5 hxg5 51. hxg5 fxg5 52. Kg4 Nd2 53. Kxg5 Nxf3+
54. Kg4 Nd2 55. Re5 Rd4+ 56. Kg3 Re4 57. Rh5+ Kg6 58. Rd5 Nc4 59. Rd7 Re6 60.
Rd5 Ne5 61. Rc5 Nf7 62. Rc4 Kf6 63. Rc5 g5 64. Rc3 Kg6 65. Rc8 Nd6 66. Rg8+ Kf6
67. Rf8+ Nf7 68. Rg8 Re3+ 69. Kg4 Nh6+ 70. Kh5 Nxg8 71. Kg4 Re5 72. Kg3 Rf5 0-1

[Event "Women's Speed Chess Q2"]
[Site "chess.com INT"]
[Date "2020.06.19"]
[Round "7"]
[White "Shpanko, Nadiia"]
[Black "Zhao, Xue"]
[Result "0-1"]
[WhiteTitle "WIM"]
[BlackTitle "GM"]
[WhiteElo "2235"]
[BlackElo "2486"]
[WhiteFideId "14132400"]
[BlackFideId "8601283"]
[EventDate "2020.06.19"]

1. d4 Nf6 2. c4 e6 3. Nf3 b6 4. Bg5 Bb7 5. e3 h6 6. Bh4 d6 7. Bd3 Nbd7 8. O-O g5
9. Bg3 Nh5 10. Nfd2 Nxg3 11. hxg3 Bg7 12. Nc3 h5 13. Be4 c6 14. f4 f5 15. fxg5
Qxg5 16. Qf3 fxe4 17. Qf7+ Kd8 18. Ndxe4 Qe7 19. Qg6 Rh6 20. Qg5 d5 21. cxd5
exd5 22. Rf7 Qxg5 23. Nxg5 Bf8 24. e4 Be7 25. Nf3 dxe4 26. Nxe4 c5 27. Neg5 Bxf3
28. Nxf3 cxd4 29. Kh2 Bc5 30. Rd1 Rd6 31. Rf5 Kc7 32. Rxh5 a5 33. a3 a4 34. g4
Re8 35. g5 d3 36. Rh7 Re2 37. Kg3 Kc6 38. Rf7 d2 39. Kf4 Be3+ 40. Kg4 Rxg2+ 41.
Kf5 Rd5+ 42. Ke4 Bxg5 43. Nd4+ Rxd4+ 44. Kxd4 Nc5 45. Kc3 Rg3+ 46. Kc2 Rg2 47.
Rg7 Ne4 48. Rg6+ Kb5 49. b3 axb3+ 50. Kxb3 Rg3+ 51. Kc2 Rc3+ 52. Kb2 Kc4 53. Rf1
Rc1 54. Rxg5 Rxf1 55. Rg4 Kd3 56. Rxe4 Kxe4 57. Kc3 d1=Q 58. Kb4 Rf5 59. Kc3
Qd4+ 60. Kb3 Rf3+ 61. Ka2 0-1

[Event "Women's Speed Chess Q2"]
[Site "chess.com INT"]
[Date "2020.06.19"]
[Round "7"]
[White "Alboredo, Julia"]
[Black "Li, Xueyi"]
[Result "0-1"]
[WhiteTitle "WFM"]
[BlackTitle "WGM"]
[WhiteElo "2182"]
[BlackElo "2328"]
[WhiteFideId "2124807"]
[BlackFideId "8605912"]
[EventDate "2020.06.19"]

1. e4 c6 2. d4 d5 3. e5 c5 4. dxc5 Nc6 5. Nf3 Bg4 6. Bb5 e6 7. a3 Bxc5 8. O-O
Ne7 9. b4 Bb6 10. Bb2 O-O 11. Nbd2 Bc7 12. Qe2 Ng6 13. h3 Bxf3 14. Nxf3 a5 15.
Bxc6 bxc6 16. Bd4 axb4 17. axb4 Rxa1 18. Rxa1 Qb8 19. c3 Bb6 20. Qe3 Bxd4 21.
Qxd4 Qb5 22. Kh2 Rc8 23. Ra7 h6 24. Ra5 Qe2 25. h4 Qe4 26. Qxe4 dxe4 27. Nd2 e3
28. fxe3 Nxh4 29. Kh3 Nf5 30. e4 Ne3 31. Nb3 Rd8 32. Rc5 Rd3 33. g3 Nf1 34. Kg2
Nxg3 35. Nc1 Rd1 36. Rxc6 Nxe4 37. Rc8+ Kh7 38. Ne2 Rd2 39. Kf3 Ng5+ 40. Ke3 Rb2
41. Rb8 h5 42. Nf4 h4 43. b5 f6 44. exf6 gxf6 45. b6 e5 46. Nh5 Kg6 47. b7 Kxh5
48. Rh8+ Kg4 49. b8=Q Rxb8 50. Rxb8 f5 51. c4 f4+ 52. Kf2 e4 53. c5 h3 54. Rh8
e3+ 55. Ke2 Ne6 56. c6 Nd4+ 57. Kd3 Nxc6 58. Rg8+ Kf3 59. Rh8 Kg3 60. Rg8+ Kf2
61. Rh8 Ne5+ 62. Ke4 e2 63. Kxe5 e1=Q+ 64. Kxf4 Qd2+ 65. Kg4 Qd4+ 66. Kxh3 Qxh8+ 0-1

[Event "Women's Speed Chess Q2"]
[Site "chess.com INT"]
[Date "2020.06.19"]
[Round "7"]
[White "Zavivaeva, Evelina"]
[Black "Hernandez Bonilla, Amelia"]
[Result "0-1"]
[WhiteTitle "WCM"]
[BlackTitle "WFM"]
[WhiteElo "1619"]
[BlackElo "2016"]
[WhiteFideId "44127839"]
[BlackFideId "3900193"]
[EventDate "2020.06.19"]

1. e4 c5 2. Nf3 d6 3. d4 cxd4 4. Nxd4 Nf6 5. Nf3 Nc6 6. Bd3 e5 7. Nc3 Be6 8. O-O
h6 9. Be3 Be7 10. Qe2 O-O 11. Rad1 a6 12. a3 Qc7 13. Rfe1 Rfd8 14. Bc4 b5 15.
Nd5 Bxd5 16. Bxd5 Nxd5 17. exd5 Na5 18. c3 Nc4 19. Qc2 Rac8 20. Nd2 Nxe3 21.
Rxe3 Rf8 22. Nb3 f5 23. Rde1 Qc4 24. Rd3 Bf6 25. Rdd1 g6 26. Nc1 a5 27. Qe2 b4
28. Qxc4 Rxc4 29. axb4 axb4 30. cxb4 Rxb4 31. Re2 Rfb8 32. Nd3 Rb3 33. Rdd2 e4
34. Nf4 g5 35. Nh5 Bxb2 36. Ng3 Bc3 37. Rd1 Rb1 38. Rxb1 Rxb1+ 39. Nf1 Kg7 40.
g3 Kf6 41. Rc2 Bd4 42. Kg2 Ke5 43. Ne3 Bxe3 44. fxe3 Kxd5 45. Rd2+ Ke5 46. Kf2
Rb3 47. Rc2 h5 48. Rd2 d5 49. Ke2 Rb1 50. Kf2 Rh1 51. Kg2 Rc1 52. Kf2 Rc4 53.
Ke2 d4 54. exd4+ Rxd4 55. Ra2 f4 56. Ra5+ Rd5 57. Ra8 Rb5 58. Re8+ Kf5 59. gxf4
gxf4 60. Rf8+ Kg4 61. Rg8+ Kh4 62. Rf8 Rb2+ 63. Kf1 Kg4 64. Rg8+ Kf3 65. Rf8
Rb1# 0-1

[Event "Women's Speed Chess Q2"]
[Site "chess.com INT"]
[Date "2020.06.19"]
[Round "7"]
[White "Starosta, Martyna"]
[Black "Gomez Barrera, Javiera Belen"]
[Result "0-1"]
[WhiteTitle "WCM"]
[BlackTitle "WIM"]
[WhiteElo "2079"]
[BlackElo "2083"]
[WhiteFideId "21818754"]
[BlackFideId "3418723"]
[EventDate "2020.06.19"]

1. e4 e5 2. Nf3 Nc6 3. Bb5 a6 4. Ba4 Nf6 5. O-O Be7 6. Re1 b5 7. Bb3 d6 8. a4 b4
9. a5 O-O 10. h3 Rb8 11. d3 Rb5 12. Bd2 Rxa5 13. Rxa5 Nxa5 14. Bxb4 Nxb3 15.
cxb3 Be6 16. d4 exd4 17. Nxd4 Bd7 18. Bc3 Re8 19. Nd2 Bf8 20. Nf5 d5 21. Ng3 c5
22. e5 d4 23. exf6 dxc3 24. Rxe8 Bxe8 25. bxc3 Qxf6 26. Nde4 Qe6 27. c4 Bc6 28.
Qd3 Be7 29. Qe3 f5 30. Nc3 Qxe3 31. fxe3 g6 32. Nge2 Bf6 33. Kf2 Kf7 34. Nd1 Be4
35. Nec3 Bc2 36. Ke2 Bxb3 37. Kd2 Bxc4 38. Nb2 Bb5 39. Nba4 Bxc3+ 40. Nxc3 Ke6
41. g4 fxg4 42. hxg4 h5 43. gxh5 gxh5 44. Ne4 h4 45. Ng5+ Kf5 46. Nf3 h3 47. Nh2
Bc6 48. Ke2 Bg2 49. Kf2 a5 50. Ke2 a4 51. Kd3 a3 52. Kc3 c4 53. Kc2 Ke4 54. Kc3
Kxe3 55. Kc2 Be4+ 56. Kc3 a2 57. Kb2 Bb1 58. Nf1+ Kf2 59. Nh2 Kg2 60. Ng4 h2 61.
Nxh2 Kxh2 62. Ka1 Kg3 63. Kb2 Kf3 64. Ka1 Ke3 65. Kb2 Kd2 66. Ka1 Bd3 67. Kb2
c3+ 68. Kxa2 c2 69. Kb3 c1=Q 70. Ka2 Bc4# 0-1

[Event "Women's Speed Chess Q2"]
[Site "chess.com INT"]
[Date "2020.06.19"]
[Round "7"]
[White "Sviridova, Vlada"]
[Black "Franco Valencia, Beatriz Irene"]
[Result "0-1"]
[WhiteTitle "WFM"]
[BlackTitle "WGM"]
[WhiteElo "2144"]
[BlackElo "2103"]
[WhiteFideId "24109606"]
[BlackFideId "4402618"]
[EventDate "2020.06.19"]

1. d4 d6 2. Nf3 Nd7 3. c4 g6 4. Nc3 Bg7 5. e4 e5 6. Be2 Ne7 7. O-O O-O 8. Be3 c6
9. Qc2 Qc7 10. Rfd1 h6 11. dxe5 dxe5 12. Qd2 Kh7 13. c5 f5 14. Qd6 Qxd6 15. cxd6
Ng8 16. Bc4 f4 17. Bc1 Rf6 18. b3 b5 19. Bxg8+ Kxg8 20. a4 b4 21. Na2 a5 22. Bb2
Re6 23. Rac1 Bb7 24. Rc4 Rd8 25. Nc1 g5 26. h3 c5 27. Ne2 Ba6 28. Rc2 Bf6 29.
Rcd2 h5 30. Ne1 g4 31. hxg4 hxg4 32. Nc1 g3 33. fxg3 fxg3 34. Nf3 Bg7 35. Ne2
Bh6 36. Rc2 Be3+ 37. Kf1 Bd4 38. Bxd4 exd4 39. Rcd2 Rxe4 40. Ke1 Rde8 41. Ng1
R4e6 42. Kf1 Rxd6 43. Ke1 Ne5 44. Kf1 Rf6+ 45. Nf3 Nxf3 46. gxf3 Rxf3+ 47. Kg1
Rf2 48. Nxg3 Rxd2 49. Rxd2 Re1+ 50. Kf2 Re3 51. Nf5 Rxb3 52. Ne7+ Kf7 53. Nc6
Bb7 54. Ne5+ Ke6 55. Nd3 c4 56. Nc5+ Kd5 57. Nxb7 c3 58. Rd1 Rb2+ 59. Ke1 c2 60.
Rc1 b3 61. Kd2 Ra2 62. Nxa5 b2 63. Rxc2 b1=Q 64. Rxa2 Qxa2+ 0-1

[Event "Women's Speed Chess Q2"]
[Site "chess.com INT"]
[Date "2020.06.19"]
[Round "7"]
[White "Foisor, Sabina-Francesca"]
[Black "Goltseva, Ekaterina"]
[Result "0-1"]
[WhiteTitle "WGM"]
[BlackTitle "FM"]
[WhiteElo "2228"]
[BlackElo "2306"]
[WhiteFideId "1212915"]
[BlackFideId "24173770"]
[EventDate "2020.06.19"]

1. d4 Nf6 2. c4 e6 3. Nf3 d5 4. Bg5 dxc4 5. Nc3 a6 6. a4 c5 7. e3 Nc6 8. Bxc4
cxd4 9. exd4 Be7 10. O-O O-O 11. Qd3 Nb4 12. Qe2 h6 13. Bh4 Nh5 14. Bxe7 Qxe7
15. Rad1 Qc7 16. Bb3 Nf4 17. Qe4 Ng6 18. Ne5 Nxe5 19. dxe5 Nc6 20. Bc2 g6 21.
Rfe1 b6 22. Qf4 Bb7 23. Qxh6 Nxe5 24. Be4 Nc6 25. Rd3 Rfd8 26. Rh3 Qe5 27. Kf1
Qg7 28. Qh4 Rd4 29. Qg3 Rad8 30. Qf3 R4d6 31. Kg1 Nd4 32. Qf4 e5 33. Qh4 Bc8 34.
Rhe3 Be6 35. Bb1 f6 36. Ne4 Nf5 37. Qxf6 Nxe3 38. Qxg7+ Kxg7 39. fxe3 Rd1 40.
Kf2 Rxe1 41. Kxe1 Bb3 42. Nc3 b5 43. Be4 bxa4 44. Bb7 a5 45. Ba6 Rd6 46. Bb5 Rb6
47. Bxa4 Bxa4 48. Nxa4 Rb4 49. Nc5 Rxb2 50. Nd3 Rxg2 51. Nxe5 Rxh2 52. Nc4 a4
53. e4 Kf6 54. Kd1 g5 55. e5+ Ke6 56. Kc1 g4 57. Kd1 g3 58. Ke1 Rc2 59. Ne3 g2
60. Nxc2 g1=Q+ 61. Kd2 Qf2+ 62. Kc3 Kxe5 63. Kb2 Qc5 64. Kb1 Kd5 65. Ka1 Qc3+
66. Kb1 Qb3+ 67. Ka1 a3 0-1

[Event "Women's Speed Chess Q2"]
[Site "chess.com INT"]
[Date "2020.06.19"]
[Round "7"]
[White "Munkhzul, Davaakhuu"]
[Black "Kazarian, Anna-Maja"]
[Result "1-0"]
[WhiteTitle "WFM"]
[BlackTitle "FM"]
[WhiteElo "1991"]
[BlackElo "2096"]
[WhiteFideId "4902815"]
[BlackFideId "1033689"]
[EventDate "2020.06.19"]

1. e4 e6 2. d4 d5 3. Nd2 Nf6 4. e5 Nfd7 5. c3 c5 6. Bd3 Nc6 7. Ne2 Qb6 8. Nf3
cxd4 9. cxd4 f6 10. exf6 Nxf6 11. O-O Bd6 12. a3 Bd7 13. b4 O-O 14. Bf4 Bxf4 15.
Nxf4 Ne4 16. g3 Rxf4 17. gxf4 Rf8 18. Bxe4 dxe4 19. Ne5 Be8 20. Nxc6 Bxc6 21.
Re1 Rxf4 22. Re3 Qd8 23. Qd2 h6 24. Rg3 Rh4 25. Re1 Qd5 26. Qe3 Qh5 27. Rg2 Rh3
28. Qe2 Qh4 29. b5 Bd5 30. Rc1 e3 31. Rg4 exf2+ 32. Kf1 Qf6 33. Rc8+ Kh7 34. Rc7
Rxh2 35. Rcxg7+ Qxg7 36. Rxg7+ Kh8 37. Rc7 Rh1+ 38. Kxf2 Rh2+ 39. Ke1 Rxe2+ 40.
Kxe2 h5 41. Kf2 h4 42. Kg1 Kg8 43. Kh2 Kf8 44. Kh3 Ke8 45. Kxh4 Kd8 46. Rg7 Bc4
47. a4 a6 48. b6 Bd5 49. a5 Ke8 50. Kg5 Kf8 51. Kf6 Ke8 52. Re7+ Kd8 53. Rxe6
Kd7 54. Re7+ Kc6 55. Rc7+ Kb5 56. Rc5+ Kb4 57. Rxd5 Kc4 58. Rd7 Kb5 59. Rxb7
Kxa5 60. Ke6 Kb5 61. d5 a5 62. d6 a4 63. d7 a3 64. d8=Q a2 65. Ra7 a1=Q 66. Rxa1
Kb4 67. Qd4+ Kb3 68. Rb1+ Kc2 69. Qd1+ Kc3 70. Rb3+ Kc4 71. Qd3+ Kc5 72. Rb5+
Kc6 73. Qd5# 1-0

[Event "Women's Speed Chess Q2"]
[Site "chess.com INT"]
[Date "2020.06.19"]
[Round "7"]
[White "Stefanova, Antoaneta"]
[Black "Antolak, Julia"]
[Result "1/2-1/2"]
[WhiteTitle "GM"]
[BlackTitle "WIM"]
[WhiteElo "2462"]
[BlackElo "2323"]
[WhiteFideId "2902257"]
[BlackFideId "1159569"]
[EventDate "2020.06.19"]

1. d4 Nf6 2. Nf3 g6 3. g3 Bg7 4. Bg2 O-O 5. O-O d6 6. a4 c6 7. a5 Nbd7 8. Nc3
Qc7 9. h3 Rb8 10. e4 b6 11. axb6 axb6 12. Re1 b5 13. e5 Ne8 14. e6 fxe6 15. Ng5
Nb6 16. Nxe6 Bxe6 17. Rxe6 Qd7 18. Re2 Nc7 19. Ne4 Ncd5 20. c3 Ra8 21. Rxa8 Rxa8
22. Bg5 e5 23. dxe5 Bxe5 24. Kh2 Bg7 25. Re1 Re8 26. h4 Re5 27. Bd2 Nc4 28. Bc1
Qe7 29. f3 h6 30. Qc2 Kh7 31. b3 Ncb6 32. Rd1 Qf8 33. c4 bxc4 34. bxc4 Nb4 35.
Qb3 c5 36. Bb2 Re6 37. Bxg7 Kxg7 38. Bh3 Re5 39. Nxd6 Re2+ 40. Bg2 Qf6 41. Ne4
Qb2 42. Qxb2+ Rxb2 43. Nxc5 Nxc4 44. Nd3 Rc2 45. Nxb4 Rxg2+ 46. Kxg2 Ne3+ 47.
Kg1 Nxd1 48. Nd5 Nb2 49. Kf1 Nd3 50. Ke2 Ne5 51. Ke3 Nd7 52. g4 Nc5 53. Kd4 Ne6+
54. Ke5 Nd8 55. f4 Nf7+ 56. Ke6 Nd8+ 57. Kd7 Nf7 58. Ke7 g5 59. hxg5 hxg5 60. f5
Ne5 61. Ne3 Nc6+ 62. Kd6 Nd8 63. Kd7 Nf7 64. Ke7 Ne5 65. f6+ Kg6 66. Ke6 Nf7 67.
Nd5 Nh6 68. Ne7+ Kh7 69. f7 Kg7 70. Nf5+ Nxf5 71. Kxf5 Kxf7 72. Kxg5 Kg7 73. Kf5
Kf7 74. g5 Kg7 75. Kf4 Kg6 76. Kg4 Kg7 77. Kf5 Kf7 78. g6+ Kg7 79. Kg5 Kg8 80.
Kf6 Kf8 81. Kf5 Kg7 82. Kg5 Kg8 83. Kh6 Kh8 84. g7+ Kg8 85. Kg6 1/2-1/2

[Event "Women's Speed Chess Q2"]
[Site "chess.com INT"]
[Date "2020.06.19"]
[Round "7"]
[White "Sakorenko, Adriana"]
[Black "Ziegenfuss, Antonia"]
[Result "1-0"]
[WhiteTitle "WFM"]
[BlackTitle "WFM"]
[WhiteElo "2216"]
[BlackElo "2101"]
[WhiteFideId "34130249"]
[BlackFideId "12962554"]
[EventDate "2020.06.19"]

1. Nf3 c5 2. e3 d5 3. Be2 Nc6 4. O-O e6 5. b3 Bd6 6. Bb2 f6 7. d4 Nge7 8. c4 O-O
9. Nc3 Kh8 10. Rc1 cxd4 11. exd4 Bf4 12. Ra1 e5 13. cxd5 Nxd5 14. dxe5 Nxc3 15.
Bxc3 Nxe5 16. Nxe5 Bxe5 17. Bxe5 fxe5 18. Bc4 Qg5 19. Re1 Bh3 20. g3 Qf6 21. Qe2
Rad8 22. Qe3 e4 23. Bf1 Bg4 24. Be2 Bf3 25. Rad1 Rxd1 26. Rxd1 Qf5 27. Rc1 Qh3
28. Bf1 Qf5 29. Qc5 Qxc5 30. Rxc5 Rd8 31. Rc1 h6 32. Bg2 Rd2 33. h4 Rxa2 34.
Bxf3 exf3 35. Rc3 Rb2 36. Rxf3 b5 37. Kg2 a5 38. Rd3 Kh7 39. h5 Kg8 40. g4 Kf7
41. Kf3 Kf6 42. Kg3 a4 43. bxa4 bxa4 44. Rd4 Rb3+ 45. Kf4 a3 46. Ra4 g5+ 47.
hxg6 Kxg6 48. Ra6+ Kf7 49. Kf5 Rf3+ 50. Ke4 Rb3 51. f4 Ke7 52. Kf5 Kd7 53. Kg6
Kc7 54. Kxh6 Kb7 55. Ra4 Rb6+ 56. Kg7 Ra6 57. Rb4+ Kc7 58. Rb1 a2 59. Ra1 Kd7
60. f5 Ra4 61. g5 Kd6 62. f6 Ra7+ 63. f7 Ke6 64. g6 Ra8 65. f8=Q Rxf8 66. Kxf8 1-0

[Event "Women's Speed Chess Q2"]
[Site "chess.com INT"]
[Date "2020.06.19"]
[Round "7"]
[White "Tania, Sachdev"]
[Black "Diakonova, Ekaterina"]
[Result "1-0"]
[WhiteTitle "IM"]
[WhiteElo "2392"]
[BlackElo "2209"]
[WhiteFideId "5007844"]
[BlackFideId "24172936"]
[EventDate "2020.06.19"]

1. d4 d5 2. c4 c6 3. Nf3 Nf6 4. Nc3 e6 5. g3 Bd6 6. Bg2 O-O 7. O-O Nbd7 8. Qd3
dxc4 9. Qxc4 e5 10. dxe5 Nxe5 11. Nxe5 Bxe5 12. Bg5 h6 13. Rfd1 Qc7 14. Bxf6
Bxf6 15. Nd5 Qe5 16. Nxf6+ Qxf6 17. Qd4 Qxd4 18. Rxd4 Be6 19. a3 Rfd8 20. Rad1
Rxd4 21. Rxd4 Kf8 22. b4 a6 23. e4 Ke7 24. f4 g6 25. Kf2 a5 26. e5 axb4 27. Rxb4
b5 28. Bxc6 Rxa3 29. Bxb5 Ra2+ 30. Be2 Bg4 31. Re4 h5 32. Ke1 Ra1+ 33. Kd2 Ra2+
34. Ke1 Ra1+ 35. Kf2 Bxe2 36. Rxe2 Rh1 37. Kg2 Ra1 38. h3 Ke6 39. Re3 Ra2+ 40.
Kg1 Ra1+ 41. Kf2 Ra2+ 42. Re2 Ra4 43. Kf3 Ra3+ 44. Re3 Ra4 45. g4 hxg4+ 46. hxg4
Ra1 47. Rb3 Rf1+ 48. Kg3 Rg1+ 49. Kh3 Rf1 50. Rb6+ Ke7 51. Kg3 Rg1+ 52. Kh4 Rh1+
53. Kg5 Rf1 54. Rb7+ Ke6 55. Rb6+ Ke7 56. f5 gxf5 57. gxf5 Rg1+ 58. Kh5 Rh1+ 59.
Kg4 Rg1+ 60. Kh3 Rh1+ 61. Kg3 Rg1+ 62. Kf3 Rf1+ 63. Kg4 Rg1+ 64. Kh3 Rf1 65. f6+
Kd7 66. Kg4 Re1 67. Kf5 Rf1+ 68. Kg5 Rg1+ 69. Kh6 Kc7 70. Rb5 Kc6 71. Ra5 Kb6
72. Rd5 Kc6 73. Rd6+ Kc7 74. Rd4 Kc6 75. e6 fxe6 76. Rf4 Rg8 77. f7 Rh8+ 78. Kg7
Rc8 79. f8=Q Rxf8 80. Rxf8 e5 81. Kf6 Kd5 82. Re8 e4 83. Kf5 e3 84. Rxe3 Kd4 85.
Re4+ Kd3 86. Ke5 Kc3 87. Kd5 Kd3 88. Rd4+ Ke3 89. Kc4 Kf3 90. Kd3 Kf2 91. Re4
Kg3 92. Ke3 Kg2 93. Rf4 Kg3 94. Ke4 Kg2 95. Rf3 Kh2 96. Kf4 Kg2 97. Kg4 Kh2 98.
Rg3 Kh1 99. Kf4 Kh2 100. Kf3 Kh1 101. Kf2 Kh2 102. Rg7 1-0

[Event "Women's Speed Chess Q2"]
[Site "chess.com INT"]
[Date "2020.06.19"]
[Round "8"]
[White "Li, Xueyi"]
[Black "Franco Valencia, Angela"]
[Result "0-1"]
[WhiteTitle "WGM"]
[BlackTitle "WIM"]
[WhiteElo "2328"]
[BlackElo "2089"]
[WhiteFideId "8605912"]
[BlackFideId "4403070"]
[EventDate "2020.06.19"]

1. d4 Nf6 2. c4 c5 3. d5 e6 4. Nc3 exd5 5. cxd5 d6 6. Nf3 g6 7. Bf4 Bg7 8. h3
O-O 9. Nd2 b5 10. Nxb5 Nxd5 11. Bxd6 Re8 12. g3 a6 13. Bxb8 axb5 14. Bf4 Nxf4
15. gxf4 Bxb2 16. Rb1 Bc3 0-1

[Event "Women's Speed Chess Q2"]
[Site "chess.com INT"]
[Date "2020.06.19"]
[Round "8"]
[White "Vijayalakshmi, Subbaraman"]
[Black "Kashlinskaya, Alina"]
[Result "0-1"]
[WhiteTitle "IM"]
[BlackTitle "IM"]
[WhiteElo "2332"]
[BlackElo "2494"]
[WhiteFideId "5004098"]
[BlackFideId "4198026"]
[EventDate "2020.06.19"]

1. Nf3 d5 2. d4 Nf6 3. Bf4 c5 4. e3 Nc6 5. Nbd2 Bg4 6. c3 e6 7. Bd3 Qb6 8. Rb1
Be7 9. h3 Bh5 10. O-O O-O 11. dxc5 Bxc5 12. b4 Be7 13. a3 e5 14. g4 exf4 15.
gxh5 fxe3 16. Nb3 exf2+ 17. Kh1 Nxh5 18. Kg2 Nf4+ 0-1

[Event "Women's Speed Chess Q2"]
[Site "chess.com INT"]
[Date "2020.06.19"]
[Round "8"]
[White "Buksa, Nataliya"]
[Black "Yakimova, Mariya"]
[Result "1-0"]
[WhiteTitle "IM"]
[BlackTitle "WFM"]
[WhiteElo "2410"]
[BlackElo "2269"]
[WhiteFideId "14123622"]
[BlackFideId "34188859"]
[EventDate "2020.06.19"]

1. d4 Nf6 2. Nc3 d5 3. Bf4 Nbd7 4. e3 c6 5. Nf3 g6 6. h4 Bg7 7. Be2 h5 8. Ne5
Nxe5 9. Bxe5 O-O 10. Qd2 Bg4 11. f3 Bf5 12. O-O-O Qd7 13. Rdg1 b5 14. Bxf6 Bxf6
15. g4 hxg4 16. fxg4 Be6 17. g5 Bg7 18. h5 Bf5 19. Bd3 e5 20. h6 Bh8 21. h7+ Kg7
22. Qh2 f6 23. gxf6+ Rxf6 24. Qxe5 Bxd3 25. cxd3 Re8 26. Qh2 Rxe3 27. Qh6+ 1-0

[Event "Women's Speed Chess Q2"]
[Site "chess.com INT"]
[Date "2020.06.19"]
[Round "8"]
[White "De Seroux, Camille"]
[Black "Bouah, Denise"]
[Result "1-0"]
[WhiteTitle "WIM"]
[BlackTitle "WIM"]
[WhiteElo "2137"]
[BlackElo "1770"]
[WhiteFideId "1305620"]
[BlackFideId "14300818"]
[EventDate "2020.06.19"]

1. e4 c5 2. Nc3 Nc6 3. Bb5 a6 4. Bxc6 bxc6 5. d3 g6 6. f4 Bg7 7. Nf3 d5 8. O-O
Nf6 9. Qe1 O-O 10. Qh4 dxe4 11. dxe4 c4 12. f5 Qb6+ 13. Kh1 e6 14. e5 Nd5 15. f6
Bh8 16. Qh6 Bxf6 17. exf6 Nxf6 18. Ng5 Rd8 19. Rxf6 1-0

[Event "Women's Speed Chess Q2"]
[Site "chess.com INT"]
[Date "2020.06.19"]
[Round "8"]
[White "Michelle Catherina, P"]
[Black "Zawadzka, Jolanta"]
[Result "0-1"]
[WhiteTitle "WIM"]
[BlackTitle "WGM"]
[WhiteElo "2176"]
[BlackElo "2419"]
[WhiteFideId "5005736"]
[BlackFideId "1122320"]
[EventDate "2020.06.19"]

1. e4 c5 2. Nf3 e6 3. d4 cxd4 4. Nxd4 Nc6 5. Nc3 Qc7 6. a3 Nf6 7. Be3 a6 8. Be2
b5 9. O-O Bb7 10. f4 Nxd4 11. Qxd4 Rc8 12. Rad1 Bc5 13. Qxc5 Qxc5 14. Bxc5 Rxc5
15. Bf3 Rxc3 16. bxc3 Nxe4 17. c4 Ke7 18. Rb1 f5 19. cxb5 axb5 20. Rxb5 Ba6 21.
Ra5 Bxf1 22. Kxf1 Rc8 23. Bd1 Rb8 24. Ke2 Rb1 0-1